Daňové a právne aspekty leasingu diplomová práca

Enregistré dans:
Détails bibliographiques
Auteur principal: Žiaran, Michal
Collectivité auteur: Národohospodárska fakulta EU. Katedra financií
Autres auteurs: Zubaľová, Alena, 1959-
Format: Livre
Langue:slovaque
Publié: Bratislava 2008
Tags: Ajouter un tag
Pas de tags, Soyez le premier à ajouter un tag!

MARC

LEADER 00000nam$a2200000$$$4500
001 0078821
005 20240201114954.8
041 0 |a slo 
044 |a SK 
245 1 0 |a Daňové a právne aspekty leasingu  |b diplomová práca  |c Michal Žiaran ; škol. Alena Zubaľová 
264 1 |a Bratislava  |c 2008 
300 |a 59 s. 
100 1 |a Žiaran, Michal 
700 1 |a Zubaľová, Alena, 1959- 
710 2 |a Národohospodárska fakulta EU. Katedra financií